000 01130nam a22002777a 4500
001 6311
003 FISKH
005 20250410095855.0
008 250410b cb ||||| |||| 00| 0 eng d
020 _a9781865035727
040 _aFISKH
_beng
_cFISKH
_dFISKH
050 _aPZ5
082 _a398.21
100 _aBarber, Shirley
245 _aShirley barber's fairy collection :
_bThe enchanted woods, the tooth fairy, rainbow magic, bedtime story.
250 _aThis edition published in 2008.
260 _aVictoria :
_bThe Five Mile Press :
_c2001.
300 _a94 pages :
_bcolor illustrations ;
_c32 cm
505 _aR
520 _aDown the ages, children have listened spellbound to tales of fairy folk and faraway places. They will gain special delight from hearing the stories in Shirley Barber's well-loved Fairy Collection - as they turn the pages of the book and look at her exquisite paintings. Enchanting music between each story adds to the magic!
521 8 _a660
_bLexile estimate
521 8 _aR
_bRaz-Plus
650 _aFairy Tales
_vPicture Book
942 _2ddc
_cBK
_n0
999 _c6311
_d6311